Statistics for When Were They Born? Click Quiz #1

Click here to take the quiz!

General Stats

  • This quiz has been taken 32 times
  • The average score is 16 of 30

Answer Stats

HintAnswer% Correct
Lionel Messi1980s
80%
Justin Bieber1990s
80%
Vladimir Putin1950s
76%
Angelina Jolie1970s
76%
Elizabeth II1920s
68%
Joe Biden1940s
68%
Céline Dion1960s
64%
Selena Gomez1990s
64%
Donald Trump1940s
60%
Angela Merkel1950s
60%
Lady Gaga1980s
60%
Marilyn Monroe1920s
56%
Barack Obama1960s
56%
Roger Federer1980s
56%
Walt Disney1900s
52%
Elvis Presley1930s
52%
Diego Maradona1960s
52%
Malala Yousafzai1990s
52%
Che Guevara1920s
44%
Michael Jackson1950s
44%
Eminem1970s
44%
Emmanuel Macron1970s
44%
Salvador Dalí1900s
40%
Nelson Mandela1910s
40%
John F. Kennedy1910s
40%
Yuri Gagarin1930s
40%
Freddie Mercury1940s
40%
Ronald Reagan1910s
36%
Neil Armstrong1930s
36%
Frida Kahlo1900s
28%

Score Distribution

Percentile by Number Answered

Percent of People with Each Score

Your Score History

You have not taken this quiz